000 01059cam a22003015a 4500
001 L160242
008 190524s2019 xxk f 000 0 eng d
020 _a9780429461507
035 _a(Sirsi) u160242
041 0 _aeng
050 0 4 _a331.481333
100 1 _aClack, Amanda
245 0 0 _aManaging diversity and inclusion in the real estate sector
_h[electronic resource]
260 _aAbingdon
_bRoutledge
_c2019
520 _aProvides guidance to and actions for professionals in the real estate and construciton sectors who want to make diversity and inclusion an inherent part of the culture of their organisaiton.
521 _aAdvanced
590 _aNTK
650 2 4 _aDIVERSITY
650 2 4 _aINCLUSION
650 2 4 _aEBOOK
651 4 _aInternational
690 _aCommercial property
_96227
690 _aConstruction management
_96230
690 _aResidential property
_96266
700 1 _aGabler, Judith
856 4 0 _uhttps://www.vlebooks.com/
_zView on VLEbooks. Logins for members only from [email protected]
942 _n0
_2ddc
999 _c116294
_d116294